000 01138nam a2200301 a 4500
005 20200104041519.0
008 140226b1997 nyu||||| |||| 00| 0 eng d
040 _aCO-BoIAVH
_cCO-BoIAVH
041 _aeng
082 0 4 _a333.9516079
_bC74b
111 2 _aConference of the Parties to the Convention on Biological Diversity
_cIII, Buenos Aires
_d1996
_959027
245 1 _aBiodiversity agenda
_bdecisions from the third meeting of the conference of the parties to the convention on biological diversity
250 _a2 ed.
260 _aNueva York
_bUnited Nations Environment Programme
_c1997
300 _a116 paginas.
_c21 x14 cm
650 4 _aBiodiversidad
_992204
650 4 _aConvenio sobre diversidad biológica
_93261
650 4 _aConvenios internacionales
_93879
650 4 _aClearing House Mechanism
_98896
650 4 _aFinanciación
_959030
650 4 _aMonitoreo biológico
_93265
650 4 _aUso sostenible
_9344
650 4 _aConservación de biodiversidad
_9345
650 4 _aEcosistemas
_959033
650 4 _aAcceso a recursos genéticos
_959034
650 4 _aPropiedad intelectual
_959035
942 _cLIBRO
_2ddc
999 _c1263
_d1263